000 01067nam a2200301 i 4500
003 EG-GICUC
005 20260304201619.0
008 260304s1987 be ||||fr|||| 00| 0 fre d
040 _aEG-GiCUC
_bfre
_cEG-GiCUC
_dEG-GiCUC
_eRda
082 0 4 _221
_a341.48
_bER . D
092 0 4 _221
099 _aLaw1 11 341.48 ER . D 1987
100 1 _aErgec, Rusen
_eAuteur
245 1 4 _aLes Droits De L'homme À L'épreuve Des Circonstances Exceptionnelles :
_bEtude Sur L'article 15 De La Convention Européenne Des Droits De L'homme /
_cRusen Ergec ; Jacques Velu.
_n
264 1 _aBruxelles :
_bEditions Bruylant,
_c1987.
300 _a427page :
_billustration ;
_c 24 cm.
336 _2rda contenu
_a texte
337 _2rda medias
_aOrdinateur
338 _2 transporteur rda
_a Ressource en ligne
504 _a
546 _aTexte en français
650 1 4 _aDroit international public
_2
651 1 _2
700 1 _aVelu, Jacques
_ePréfacier
856 4 0 _uhttps://fll.law.cu.edu.eg/fulltext/bks/B11-08795.pdf
905 _a50
942 _2ddc
_cBK
_e21
_n0
999 _c64944
_d64944